<?xml version="1.0" encoding="UTF-8"?>
<record
    xmlns:xsi="http://www.w3.org/2001/XMLSchema-instance"
    xsi:schemaLocation="http://www.loc.gov/MARC21/slim http://www.loc.gov/standards/marcxml/schema/MARC21slim.xsd"
    xmlns="http://www.loc.gov/MARC21/slim">

  <leader>01748nam a2200373 a 4500</leader>
  <controlfield tag="003">AR-BeUNQ</controlfield>
  <controlfield tag="005">20220224182337.0</controlfield>
  <controlfield tag="008">170301s2002    ag ad    f    000 0 spa d</controlfield>
  <datafield tag="020" ind1=" " ind2=" ">
    <subfield code="a">9789875501743</subfield>
  </datafield>
  <datafield tag="040" ind1=" " ind2=" ">
    <subfield code="a">AR-BeUNQ</subfield>
    <subfield code="b">spa</subfield>
  </datafield>
  <datafield tag="082" ind1="0" ind2="4">
    <subfield code="2">21</subfield>
    <subfield code="a">512.72</subfield>
  </datafield>
  <datafield tag="100" ind1="1" ind2=" ">
    <subfield code="a">Altman, Silvia V.</subfield>
  </datafield>
  <datafield tag="245" ind1="1" ind2="0">
    <subfield code="a">N&#xFA;meros y sucesiones / </subfield>
    <subfield code="c">Silvia V. Altman, Claudia R. Comparatore, Liliana E. Kurzrok.</subfield>
  </datafield>
  <datafield tag="260" ind1=" " ind2=" ">
    <subfield code="a">Buenos Aires : </subfield>
    <subfield code="b">Longseller, </subfield>
    <subfield code="c">[2002].</subfield>
  </datafield>
  <datafield tag="300" ind1=" " ind2=" ">
    <subfield code="a">112 p. : </subfield>
    <subfield code="b">il., gr&#xE1;ficos ; </subfield>
    <subfield code="c">27 cm.</subfield>
  </datafield>
  <datafield tag="490" ind1="1" ind2=" ">
    <subfield code="a">Libros tem&#xE1;ticos de matem&#xE1;tica ; </subfield>
    <subfield code="v">libro 3</subfield>
  </datafield>
  <datafield tag="505" ind1="0" ind2=" ">
    <subfield code="a">N&#xFA;meros reales -- Operaciones con radicales -- Sucesiones. Progresiones aritm&#xE9;ticas y geom&#xE9;tricas -- N&#xFA;meros complejos</subfield>
  </datafield>
  <datafield tag="650" ind1=" " ind2="7">
    <subfield code="a">Matem&#xE1;ticas</subfield>
    <subfield code="2">spines</subfield>
  </datafield>
  <datafield tag="650" ind1=" " ind2="7">
    <subfield code="a">N&#xFA;meros reales</subfield>
    <subfield code="2">spines</subfield>
  </datafield>
  <datafield tag="650" ind1=" " ind2="7">
    <subfield code="a">N&#xFA;meros complejos</subfield>
    <subfield code="2">spines</subfield>
  </datafield>
  <datafield tag="650" ind1=" " ind2="7">
    <subfield code="a">Secuencias (matem&#xE1;ticas)</subfield>
    <subfield code="2">spines</subfield>
  </datafield>
  <datafield tag="650" ind1=" " ind2="7">
    <subfield code="a">Ra&#xED;ces cuadradas</subfield>
    <subfield code="2">spines</subfield>
  </datafield>
  <datafield tag="650" ind1=" " ind2="7">
    <subfield code="a">Manuales</subfield>
    <subfield code="2">spines</subfield>
  </datafield>
  <datafield tag="650" ind1=" " ind2="7">
    <subfield code="a">Ense&#xF1;anza media</subfield>
    <subfield code="2">spines</subfield>
  </datafield>
  <datafield tag="700" ind1="1" ind2=" ">
    <subfield code="a">Comparatore, Claudia R.</subfield>
  </datafield>
  <datafield tag="700" ind1="1" ind2=" ">
    <subfield code="a">Kurzrok, Liliana E.</subfield>
  </datafield>
  <datafield tag="830" ind1=" " ind2="0">
    <subfield code="9">156</subfield>
    <subfield code="a">Libros tem&#xE1;ticos de matem&#xE1;tica (Longseller)</subfield>
    <subfield code="l">Espa&#xF1;ol</subfield>
    <subfield code="v">libro 3</subfield>
  </datafield>
  <datafield tag="929" ind1=" " ind2=" ">
    <subfield code="a">COMPRA</subfield>
    <subfield code="b">Stratford Book Services</subfield>
    <subfield code="c">2a compra 2016 Exp. 827-0946/16</subfield>
    <subfield code="d">200,00</subfield>
    <subfield code="e">20170102</subfield>
    <subfield code="f">PAT0066297</subfield>
    <subfield code="j">55440</subfield>
  </datafield>
  <datafield tag="929" ind1=" " ind2=" ">
    <subfield code="a">COMPRA</subfield>
    <subfield code="b">Stratford Book Services</subfield>
    <subfield code="c">2a compra 2016 Exp. 827-0946/16</subfield>
    <subfield code="d">200,00</subfield>
    <subfield code="e">20170102</subfield>
    <subfield code="f">PAT0066298</subfield>
    <subfield code="j">55441</subfield>
  </datafield>
  <datafield tag="929" ind1=" " ind2=" ">
    <subfield code="a">COMPRA</subfield>
    <subfield code="b">Stratford Book Services</subfield>
    <subfield code="c">2a compra 2016 Exp. 827-0946/16</subfield>
    <subfield code="d">200,00</subfield>
    <subfield code="e">20170102</subfield>
    <subfield code="f">PAT0066299</subfield>
    <subfield code="j">55442</subfield>
  </datafield>
  <datafield tag="929" ind1=" " ind2=" ">
    <subfield code="a">COMPRA</subfield>
    <subfield code="b">Stratford Book Services</subfield>
    <subfield code="c">2a compra 2016 Exp. 827-0946/16</subfield>
    <subfield code="d">200,00</subfield>
    <subfield code="e">20170102</subfield>
    <subfield code="f">PAT0066300</subfield>
    <subfield code="j">55443</subfield>
  </datafield>
  <datafield tag="929" ind1=" " ind2=" ">
    <subfield code="a">COMPRA</subfield>
    <subfield code="b">Stratford Book Services</subfield>
    <subfield code="c">2a compra 2016 Exp. 827-0946/16</subfield>
    <subfield code="d">200,00</subfield>
    <subfield code="e">20170102</subfield>
    <subfield code="f">PAT0066301</subfield>
    <subfield code="j">55444</subfield>
  </datafield>
  <datafield tag="942" ind1=" " ind2=" ">
    <subfield code="c">LIB</subfield>
    <subfield code="n">0</subfield>
  </datafield>
  <datafield tag="999" ind1=" " ind2=" ">
    <subfield code="c">123</subfield>
    <subfield code="d">123</subfield>
  </datafield>
  <datafield tag="952" ind1=" " ind2=" ">
    <subfield code="0">0</subfield>
    <subfield code="1">0</subfield>
    <subfield code="a">BIBESET</subfield>
    <subfield code="b">BIBESET</subfield>
    <subfield code="c">sala</subfield>
    <subfield code="d">2017-03-01</subfield>
    <subfield code="l">0</subfield>
    <subfield code="o">512.72 ALT</subfield>
    <subfield code="p">55440</subfield>
    <subfield code="r">2017-03-01</subfield>
    <subfield code="t">1</subfield>
    <subfield code="w">2022-02-24</subfield>
    <subfield code="y">LIB</subfield>
    <subfield code="k">CMG</subfield>
  </datafield>
  <datafield tag="952" ind1=" " ind2=" ">
    <subfield code="0">0</subfield>
    <subfield code="1">0</subfield>
    <subfield code="a">BIBESET</subfield>
    <subfield code="b">BIBESET</subfield>
    <subfield code="c">circulacion</subfield>
    <subfield code="d">2017-03-01</subfield>
    <subfield code="l">0</subfield>
    <subfield code="o">512.72 ALT</subfield>
    <subfield code="p">55441</subfield>
    <subfield code="r">2017-03-01</subfield>
    <subfield code="t">2</subfield>
    <subfield code="w">2022-02-24</subfield>
    <subfield code="y">LIB</subfield>
    <subfield code="k">CMG</subfield>
  </datafield>
  <datafield tag="952" ind1=" " ind2=" ">
    <subfield code="0">0</subfield>
    <subfield code="1">0</subfield>
    <subfield code="a">BIBESET</subfield>
    <subfield code="b">BIBESET</subfield>
    <subfield code="c">circulacion</subfield>
    <subfield code="d">2017-03-01</subfield>
    <subfield code="l">0</subfield>
    <subfield code="o">512.72 ALT</subfield>
    <subfield code="p">55442</subfield>
    <subfield code="r">2017-03-01</subfield>
    <subfield code="t">3</subfield>
    <subfield code="w">2022-02-24</subfield>
    <subfield code="y">LIB</subfield>
    <subfield code="k">CMG</subfield>
  </datafield>
  <datafield tag="952" ind1=" " ind2=" ">
    <subfield code="0">0</subfield>
    <subfield code="1">0</subfield>
    <subfield code="a">BIBESET</subfield>
    <subfield code="b">BIBESET</subfield>
    <subfield code="c">circulacion</subfield>
    <subfield code="d">2017-03-01</subfield>
    <subfield code="l">0</subfield>
    <subfield code="o">512.72 ALT</subfield>
    <subfield code="p">55443</subfield>
    <subfield code="r">2017-03-01</subfield>
    <subfield code="t">4</subfield>
    <subfield code="w">2022-02-24</subfield>
    <subfield code="y">LIB</subfield>
    <subfield code="k">CMG</subfield>
  </datafield>
  <datafield tag="952" ind1=" " ind2=" ">
    <subfield code="0">0</subfield>
    <subfield code="1">0</subfield>
    <subfield code="a">BIBESET</subfield>
    <subfield code="b">BIBESET</subfield>
    <subfield code="c">circulacion</subfield>
    <subfield code="d">2017-03-01</subfield>
    <subfield code="l">0</subfield>
    <subfield code="o">512.72 ALT</subfield>
    <subfield code="p">55444</subfield>
    <subfield code="r">2017-03-01</subfield>
    <subfield code="t">5</subfield>
    <subfield code="w">2022-02-24</subfield>
    <subfield code="y">LIB</subfield>
    <subfield code="k">CMG</subfield>
  </datafield>
</record>
